00811nam a22002297a 4500003001100000005001700011008004100028040003900069041000800108041000800116082001600124100001300140245006800153260005200221300001700273650005400290650003300344942000700377952009100384952009100475999001500566LK-CoMWRAF20231226135318.0231226b1994 |||||||| |||| 00| 0 eng d aLK-CoMWRAFdLK-CoMWRAFeLK-CoMWRAF aeng afre a323.34bDAI aDaïffa aL'Algérie des femmes = women's Algeria : bdessins - drawings a[S.l.]:bWomen Living Under Muslim Laws, c1994 a50 p. : ill. aWomen's rights- Algeria -Caricatures and cartoons aWit and humor -Women authors cBK 00104070aMAINbMAINd2023-12-26l0o323.34 DAIpRAF4633r2023-12-26w2023-12-26yBK 00104070aMAINbMAINd2024-02-03l0o323.34 DAIpRAF3859r2024-02-03w2024-02-03yBK c4570d4570